Les Lettres d'Egypte de Gustave Flaubert dapres les manuscrits autographes.

محفوظ في:

المؤلف الرئيسي: Flaubert, Gustave, 1821-1880.

مؤلفون آخرون: Naaman, Antoine, 1920- (المحرر)

التنسيق: كتاب

اللغة: French

منشور في: Paris : A.G. Nizet, 1965.

الموضوعات:

الوسوم: إضافة وسم

لا توجد وسوم, كن أول من يضع وسما على هذه التسجيلة!

رقم الطلب: PQ2247 .A2

LEADER 00720nam a22002297a 4500
003 OSt
005 20251110124013.0
008 251110t1965 fr b 000 0 fre c
010 |a  66069032  
040 |c ARCE Library 
050 1 4 |a PQ2247  |b .A2 
100 1 |a Flaubert, Gustave,  |d 1821-1880. 
245 1 4 |a Les Lettres d'Egypte de Gustave Flaubert dapres les manuscrits autographes. 
264 1 |a Paris :   |b A.G. Nizet,   |c 1965. 
300 |a viii, 477 pages ;  |c 25 cm. 
504 |a Includes bibliographical references. 
600 1 0 |a Flaubert, Gustave,  |d 1821-1880. 
650 0 |a Literatura Francesa (Historia E Critica) 
700 1 |a Naaman, Antoine,  |d 1920-  |e editor 
901 |a reviewed 
942 |2 lcc  |c BK 
999 |c 56638  |d 56638